[Event "Oberwart op"]
[Site "Oberwart"]
[Date "1993.??.??"]
[Round "4"]
[White "Palos, Osman"]
[Black "Michalek, Christoph"]
[Result "1-0"]
[WhiteElo "2390"]
[BlackElo "2240"]
[PlyCount "79"]
[EventDate "1993.07.??"]
[EventType "swiss"]
[EventRounds "9"]
[EventCountry "AUT"]
[SourceTitle "EXT 1998"]
[Source "ChessBase"]
[SourceDate "1997.11.17"]
[SourceVersion "1"]
[SourceVersionDate "1997.11.17"]
[SourceQuality "1"]

1. e4 e6 2. d4 d5 3. e5 c5 4. c3 Nc6 5. Nf3 Nge7 6. Bd3 Nf5 7. 0-0 cxd4 8. Bxf5 exf5 9. Nxd4 Be6 10. Nxc6 bxc6 11. Qa4 Qd7 12. Rd1 c5 13. Qh4 Rb8 14. Nd2 Be7 15. Qg3 g5 16. f4 g4 17. Nc4 0-0 18. b3 Qc7 19. Nd6 f6 20. Be3 Bxd6 21. exd6 Qxd6 22. Qf2 Rbc8 23. b4 d4 24. cxd4 cxb4 25. d5 Bxd5 26. Rd2 Rfe8 27. Rad1 Qe6 28. Bxa7 Be4 29. Bc5 Bxg2 30. Kxg2 Qc6+ 31. Rd5 Rcd8 32. Qd4 Rd7 33. Kg1 Re4 34. Qd2 Rf7 35. Rxf5 Qe6 36. Qd5 Re1+ 37. Rxe1 Qxe1+ 38. Kg2 Kg7 39. Rg5+ Kh6 40. Rh5+ 1-0

[Event "Werfen op-A"]
[Site "Werfen"]
[Date "1992.??.??"]
[Round "6"]
[White "Korneev, Oleg"]
[Black "Palos, Osman"]
[Result "0-1"]
[WhiteElo "2475"]
[BlackElo "2350"]
[PlyCount "54"]
[EventDate "1992.08.??"]
[EventType "swiss"]
[EventRounds "9"]
[EventCountry "AUT"]
[SourceTitle "EXT 1997"]
[Source "ChessBase"]
[SourceDate "1996.11.15"]
[SourceVersion "1"]
[SourceVersionDate "1996.11.15"]
[SourceQuality "1"]

1. e4 c5 2. Nf3 e6 3. d4 cxd4 4. Nxd4 a6 5. Bd3 Qc7 6. Nc3 Nf6 7. Bg5 Be7 8. Qe2 d6 9. 0-0 Nbd7 10. Kh1 h6 11. Bd2 Nc5 12. f4 0-0 13. g4 b5 14. g5 hxg5 15. fxg5 Nfd7 16. Qh5 Ne5 17. Rf4 g6 18. Qh6 f5 19. Rh4 Kf7 20. exf5 Bb7+ 21. Kg1 exf5 22. Bxf5 Ke8 23. Bxg6+ Kd7 24. Bf4 Qb6 25. Rf1 Rg8 26. Bf5+ Kc7 27. h3 Rae8 0-1